Problemas, perspectivas y planificación para el desarrollo de las regiones fronterizas: fundamentación de una propuesta programática

Gespeichert in:
Bibliographische Detailangaben
1. Verfasser: Morales Alvarez, Miguel
Körperschaft: CSUCA
Format: Text
Veröffentlicht: San José: CSUCa
Tags: Tag hinzufügen
Keine Tags, Fügen Sie den ersten Tag hinzu!

MARC

LEADER 00000 a a2200000 04500
001 21460
003
040
090 |a 094700  
100 |a Morales Alvarez, Miguel  
110 |a CSUCA  
245 |a Problemas, perspectivas y planificación para el desarrollo de las regiones fronterizas: fundamentación de una propuesta programática  
260 |a San José:   |b CSUCa  
300 |a 23 p.  
999 |c 8884  |d 8884